Personnages des Indestructibles par images - Statistiques

Statistiques générales
  • Ce quiz a été pris 223 fois
  • Le résultat moyen est 8 sur 16
Statistiques - réponses
Par images Réponse % Correct
Violette Parr
93%
Edna Mode
86%
Hélène Parr / Elastigirl
84%
Jack-Jack Parr
83%
Robert Parr / M. Indestructible
81%
Flèche Parr
79%
Lucius Best / Frozone
77%
Buddy Pine / Syndrome
61%
Le Démolisseur
33%
Mirage
33%
Vortex
18%
Gilbert L'Œuf
11%
Evelyn Deavor
10%
Rick Dicker
9%
Bernie Kropp
6%
Winston Deavor
6%
Aucun quiz correspondant
Distribution des résultats
% des personnes avec chaque résultat
Percentile par nombre de réponses
Votre historique - résultats
Vous n’avez pas pris ce quiz